000 00287nam a22001337a 4500
008 210302b ||||| |||| 00| 0 eng d
020 _a0030044499
041 _aeng
080 _a91
100 _a42
101 _aGJEO
245 _aModern Earth Science
_cRamsey,L.W
942 _2udc
_cBK
999 _c55535
_d55535